|
|
|
|
| LEADER |
00000nab a2200000 4500 |
| 001 |
vtls011749852 |
| 003 |
SK-MaSNL |
| 005 |
20260319070801.0 |
| 008 |
180409|20180409xo |||| || ||00 0|hun |
| 015 |
|
|
|a SNBRB2018/04
|
| 038 |
|
|
|a DSZK
|
| 040 |
|
|
|a DSZK
|b slo
|e rda
|
| 041 |
|
|
|a hun
|
| 043 |
|
|
|a e-xo---
|
| 044 |
|
|
|a xo
|c SK
|
| 072 |
|
7 |
|a 796
|x Šport. Hry. Telesné cvičenia
|2 konspekt
|
| 080 |
|
|
|a 796.332.093.42
|x (437.6)
|2 2011
|
| 100 |
1 |
|
|a (t-bt)
|4 aut
|9 990557
|
| 245 |
1 |
0 |
|a Parádézott a DAC Trencsénben
|c [szerző] (t-bt)
|
| 300 |
|
|
|b Fotografia
|
| 336 |
|
|
|a text
|b txt
|2 rdacontent
|
| 337 |
|
|
|a bez média
|b n
|2 rdamedia
|
| 338 |
|
|
|a zväzok
|b nc
|2 rdacarrier
|
| 610 |
2 |
7 |
|a AS Trenčín
|2 dszk
|9 857515
|
| 610 |
2 |
7 |
|a FK DAC 1904 Dunajská Streda
|2 dszk
|9 117991
|
| 650 |
0 |
7 |
|a futbalové zápasy
|2 SNKPH
|9 71116
|
| 650 |
0 |
7 |
|a Fortuna liga
|2 dszk
|9 1086431
|
| 651 |
|
7 |
|a Trenčín (Slovensko)
|2 SNKPHgeo
|9 159956
|
| 651 |
|
7 |
|a Dunajská Streda (Slovensko)
|2 SNKPHgeo
|9 17375
|
| 773 |
0 |
|
|t Új szó
|g Évf. 71, sz. 81 (2018.4.9), o. 16
|x 1335-7050
|
| 958 |
|
|
|a SK
|
| 999 |
|
|
|c 1786739
|d 1788669
|